|
|
|
|
| LEADER |
02841nam a22005535i 4500 |
| 001 |
978-3-540-78899-7 |
| 003 |
DE-He213 |
| 005 |
20150215153356.0 |
| 007 |
cr nn 008mamaa |
| 008 |
100301s2008 gw | s |||| 0|eng d |
| 020 |
|
|
|a 9783540788997
|9 978-3-540-78899-7
|
| 024 |
7 |
|
|a 10.1007/978-3-540-78899-7
|2 doi
|
| 040 |
|
|
|d GrThAP
|
| 050 |
|
4 |
|a R-RZ
|
| 072 |
|
7 |
|a MBGR
|2 bicssc
|
| 072 |
|
7 |
|a MED000000
|2 bisacsh
|
| 082 |
0 |
4 |
|a 610
|2 23
|
| 100 |
1 |
|
|a Mobasheri, Ali.
|e author.
|
| 245 |
1 |
0 |
|a Facilitative Glucose Transporters in Articular Chondrocytes
|h [electronic resource] :
|b Expression, Distribution and Functional Regulation of GLUT Isoforms by Hypoxia, Hypoxia Mimetics, Growth Factors and Pro-Inflammatory Cytokines /
|c by Ali Mobasheri, Carolyn A. Bondy, Kelle Moley, Alexandrina Ferreira Mendes, Susana Carvalho Rosa, Stephen M. Richardson, Judith A. Hoyland, Richard Barrett-Jolley, Mehdi Shakibaei.
|
| 264 |
|
1 |
|a Berlin, Heidelberg :
|b Springer Berlin Heidelberg,
|c 2008.
|
| 300 |
|
|
|a VII, 88 p.
|b online resource.
|
| 336 |
|
|
|a text
|b txt
|2 rdacontent
|
| 337 |
|
|
|a computer
|b c
|2 rdamedia
|
| 338 |
|
|
|a online resource
|b cr
|2 rdacarrier
|
| 347 |
|
|
|a text file
|b PDF
|2 rda
|
| 490 |
1 |
|
|a Advances in Anatomy, Embryology and Cell Biology,
|x 0301-5556 ;
|v 200
|
| 505 |
0 |
|
|a Articular Cartilage: Structure, Function, and Pathophysiology -- Does Arthritis Have a Nutritional Etiology? -- Metabolic Dysfunction in Arthritis -- Glucose: An Essential Metabolite and Structural Precursor for Articular Cartilage -- Mammalian Sugar Transporter Families: GLUT and SGLT -- Molecular Diversity of Facilitative Glucose Transporters in Articular Chondrocytes -- Regulation of Glucose Transport by Nonsteroidal Anti-inflammatory Drugs -- Glucose Transporters in the Intervertebral Disc -- Glucose Transporter Expression and Regulation in Embryonic and Mesenchymal Stem Cells -- Concluding Remarks.
|
| 650 |
|
0 |
|a Medicine.
|
| 650 |
|
0 |
|a Endocrinology.
|
| 650 |
|
0 |
|a Orthopedics.
|
| 650 |
1 |
4 |
|a Biomedicine.
|
| 650 |
2 |
4 |
|a Biomedicine general.
|
| 650 |
2 |
4 |
|a Orthopedics.
|
| 650 |
2 |
4 |
|a Endocrinology.
|
| 700 |
1 |
|
|a Bondy, Carolyn A.
|e author.
|
| 700 |
1 |
|
|a Moley, Kelle.
|e author.
|
| 700 |
1 |
|
|a Mendes, Alexandrina Ferreira.
|e author.
|
| 700 |
1 |
|
|a Rosa, Susana Carvalho.
|e author.
|
| 700 |
1 |
|
|a Richardson, Stephen M.
|e author.
|
| 700 |
1 |
|
|a Hoyland, Judith A.
|e author.
|
| 700 |
1 |
|
|a Barrett-Jolley, Richard.
|e author.
|
| 700 |
1 |
|
|a Shakibaei, Mehdi.
|e author.
|
| 710 |
2 |
|
|a SpringerLink (Online service)
|
| 773 |
0 |
|
|t Springer eBooks
|
| 776 |
0 |
8 |
|i Printed edition:
|z 9783540788980
|
| 830 |
|
0 |
|a Advances in Anatomy, Embryology and Cell Biology,
|x 0301-5556 ;
|v 200
|
| 856 |
4 |
0 |
|u http://dx.doi.org/10.1007/978-3-540-78899-7
|z Full Text via HEAL-Link
|
| 912 |
|
|
|a ZDB-2-SBL
|
| 950 |
|
|
|a Biomedical and Life Sciences (Springer-11642)
|